=LDR 00000nam 2200000 4500 =001 INLIS000000000019055 =005 20200603074638 =035 ##$$a 0010-061300000019055 =008 200603################g##########0#ind## =041 ##$$a Ind =082 ##$$a 2x0 =090 ##$$a 2x0, Qar g =100 ##$$a Qardhawi, Yusuf =245 1#$$a Generasi idaman /$c Yusuf Qarhawi ; alih bahasa, Ahmad Syathori =260 ##$$a Jakarta :$b Media Da'wah,$c 1994 =300 ##$$a 90 hlm ; $c 18 x 12 cm =650 #4$$a Agama islam =850 ##$$a NBPNMAT =084 ##$$a 2x0 QAR g =990 ##$$a 100.859/Pro.96 =990 ##$$a 100.860/Pro.96 =990 ##$$a 100.859/Pro.96 =990 ##$$a 100.860/Pro.96